000
00238nam a22001097a 4500
082
_a
005.133 FP SIE'M
100
_a
SIEGEL, CHARLES
_9
60813
245
_a
MASTERING FOXPRO
260
_a
NEWDELHI
_b
BPB
_c
1990
300
_a
639P
942
_c
BK
999
_c
573152
_d
573152